Регионална библиотека "Любен Каравелов" - Русе

Иван Глупака (Запис номер 435927)

MARC детайли
000 -Лидер
Контролно поле с фиксирана дължина 01320nam a2200337 a 4500
003 - Код на организацията, давaща контролен номер
Контролно поле BLK
005 - Дата и час на последна редакция
Контролно поле 20240417162250.0
008 - Елементи от данни с фиксирана дължина
fixed length control field 180408b bul|||||r ||||||| ||bul||
020 ## - Международен стандартен номер на книга ISBN
Международен стандартен номер на книга ISBN 9786197596014
040 ## - Източник на каталожния запис
Идентификатор на билиотеката - собственик на записа BLK
041 ## - Код за език
Код за езика на текст/звукозапис или на отделно заглавие Български
Код за езика КДБФ Български
080 ## - УДК
Текстов определител УДК Руска литература
УДК код - определител по УДК 821.161.1
УДК определител -93-34
УДК - код + определител 821.161.1-93-34
100 1# - Редна дума - Автор
Автор Толстой, Лев Николаевич
Авторска отговорност първи автор
R(LIN) 367573
139 ## - Редно поле
Редна дума Толстой, Лев Николаевич
Авторски знак Толст - Т 67
245 10 - Сведения за заглавието
Заглавие Иван Глупака
Редно поле (дума) Лев Николаевич Толстой; прев. от рус. Ася Григорова; ил. Калина Мухова
260 ## - Област на издателските данни
Име на издателя, разпространителя и проч. Лист
Година на издаване 2020
9 (RLIN) 216827
Място на издаване, разпространение и проч. София
Издателство - префикс ISBN 978-619-7350-
300 ## - Физическа характеристика
Страници 80 с.
Илюстрации и др. с ил.
Размери/Мащаб 21х21 см
380 ## - Жанр
Жанр Детска худож. лит.
490 ## - СЕРИИ (Колекции)
Име на серия Поредица Детски шедьоври от велики писатели
9 (RLIN) 209350
700 1# - Други автори (авторска отговорност)
Лично име Григорова, Ася Иванова
9 (RLIN) 56189
700 ## - Други автори (авторска отговорност)
Лично име Мухова, Калина
Автороска отговорност (Описва отношението между автора и произведението) ил.
9 (RLIN) 392306
852 ## - Местоположение
Фондова буква Детски отдел
Систематично-азбучна сигнатура 821-93/Т 67
852 ## - Местоположение
Форматна сигнатура Цб 315538
Фондова буква Хранилище
856 4# - Електронен адрес и достъп
Електронен формат pdf - файл
Инструкция (цена за достъп) 0.00
Права за достъп disable
856 4# - Електронен адрес и достъп
Електронен формат pdf - файл
Инструкция (цена за достъп) 0.00
Права за достъп disable
999 ## - СИСТЕМНИ КОНТРОЛНИ НОМЕРА
Koha biblionumber 435927
Koha biblioitemnumber 435927
942 ## - АРТИКУЛИ
Вид на библиотечния материал Книги
Скрит в OPAC Не
Периодичен библиозапис Да
Koha issues (borrowed), all copies 1
944 ## - СЪЗДАВАНЕ И РЕДАКЦИЯ на ЗАПИСА
Създаване/Редакция Създаване
Дата на регистрацията/редакция 2021-11-05
Служител, извършил регистрацията/редакцията 30560
Статус, дата на статуса Геновева Генчева
944 ## - СЪЗДАВАНЕ И РЕДАКЦИЯ на ЗАПИСА
Създаване/Редакция Редакция
Дата на регистрацията/редакция 2022-12-15
Служител, извършил регистрацията/редакцията ир
999 ## - СИСТЕМНИ КОНТРОЛНИ НОМЕРА
Koha biblioitemnumber 435927
999 ## - СИСТЕМНИ КОНТРОЛНИ НОМЕРА
Koha biblioitemnumber 435927
Наличности
Код за отписване Код за изгубен артикул Източник на класификационната схема Код за повреда Коз за рестрикции Код за отдаване Артикулен № Име на библиотеката - собственик Име на библиотеката, в която се намира в момента Статус (Текущо местоположение) Дата на вписване в системата Местоположение - отдел Цена в лева Систематично азбучна сигнатура Баркод Цена в евро Служебен тип на артикула
  Не е изгубен Universal Decimal Classification Не е повреден без рестрикции заемане за дома 860800 Регионална библиотека "Любен Каравелов" Русе Регионална библиотека "Любен Каравелов" Русе Детски отдел 2021-11-08 Детски отдел 9.09 821-93/Т 67 Л 120000862119 4.65 Книги
  Не е изгубен Universal Decimal Classification Не е повреден само за читалня ползва се в читалня 920491 Регионална библиотека "Любен Каравелов" Русе Регионална библиотека "Любен Каравелов" Русе Хранилище 2022-12-19 Хранилище 12.98 Цб 315538 120000880392 6.64 Книги
Vip Innovations Ltd, Rousse, Bulgaria 2025